UEFA Euro 2000 - Teams - Statistics

Statistiche generali
  • Questo quiz è stato fatto 14 volte
  • Il punteggio medio è 14 su 16
Statistiche sulle risposte
Squadra % Corretto
Belgium
93%
England
93%
France
93%
Germany
93%
Netherlands
93%
Norway
93%
Portugal
93%
Slovenia
93%
Spain
93%
Italy
86%
Switzerland
86%
Czech Republic
79%
Denmark
79%
Romania
79%
Turkey
79%
Yugoslavia
57%
Nessun quiz corrispondente trovato
Distribuzione punteggi
Percentuale di utenti per punteggio
Percentile per numero di risposta
I tuoi punteggi nel tempo
Non hai fatto questo quiz